Cicavce severovýchodného Spiša

Bibliographic Details
Main Authors: Stollmann, Andrej, 1932- (Author), Randík, Aladár, 1936- (Author)
Format: Article
Language:Slovak
PhysicalDescription:Tb. 4. Res. rus., nem.
Subjects:

MARC

LEADER 00000cab a2200000 a 4500
001 vtls000090571
003 SK-MaSNL
005 20260304061753.0
008 250422|1980 xo ||||||| || 0 |slo
015 |a SNBRA19rr/mm-uuuuu 
035 |a CL0100674 
035 |a urn:nbn:sk:snk-aba98s 
035 |a (urnnbn)urn:nbn:sk:snk:ar-a09liv 
035 |a (uuid)c1ad7111-f78e-4278-b6a0-ab02a5581ec0 
040 |a SNKBUCL  |b slo  |c SNKBUCL  |e AACR2 
041 0 |a slo 
044 |a xo  |c SK 
080 |a 599  |2 1981 
080 |a 591.5  |2 1981 
100 1 |a Stollmann, Andrej,  |d 1932-  |4 aut  |9 8962 
245 1 0 |a Cicavce severovýchodného Spiša  |c Andrej Štollmann, Aladár Randík 
300 |b Tb. 4. Res. rus., nem. 
650 0 7 |a cicavce  |2 snkbucl  |9 1286 
651 7 |a Spiš (Slovensko : región)  |2 snkbucl  |9 17692 
655 7 |a články zo zborníkov  |2 snkbucl  |9 166140 
700 1 |a Randík, Aladár,  |d 1936-  |4 aut  |9 37728 
773 0 |t Zborník Východoslovenského múzea v Košiciach. Prírodné vedy XX - 1979  |d Košice : Východoslovenské vydavateľstvo, 1980  |g S. 129-148 
850 |a Slovenská národná knižnica 
852 |a Slovenská národná knižnica 
954 |a odborná, vedecká literatúra pôvodná (slovenská)  |2 lita 
958 |a article13 
958 |a RK 
958 |a OND 
958 |a EUIPO 
992 |a RZB 
999 |c 2734883  |d 2736813